| 000 | 00421nam a2200181Ia 4500 | ||
|---|---|---|---|
| 001 | 8455 | ||
| 005 | 20260306160610.0 | ||
| 008 | 260306t2013||||xx |||||||||||||| ||spa|| | ||
| 041 | _aESP | ||
| 082 |
_a371.0986 _bR11 |
||
| 100 |
_aRaventós, José María _eAUT |
||
| 245 | 0 | _aColegios colombianos | |
| 260 | _c2013 | ||
| 300 |
_a164 páginas : _c32 cm. |
||
| 650 | _aGEN | ||
| 654 | _aCED | ||
| 942 |
_cLIB _dJUS _fJUS _2ddc _n |
||
| 999 |
_c8455 _d8455 |
||